| 000 | 00874cam a22003013a 4500 | ||
|---|---|---|---|
| 001 | 0000735 | ||
| 003 | DO-SdBNP | ||
| 005 | 20180117112103.0 | ||
| 007 | 0000735 | ||
| 008 | 861112 2007 sp a 000 0 spa d | ||
| 010 | _a | ||
| 020 | _a9788426109767 | ||
| 040 |
_aBPMSU _cspa _dBPMSU _d |
||
| 100 | 1 |
_aBlyton, Enid _d1897-1968 |
|
| 240 | 1 | 0 | _aFive to mistery moor / |
| 245 | 1 | 4 |
_aLos cinco en el páramo misterioso / _cEnid Blyton ; traducción María Victoria Oliva ; ilustraciones Enrique Ventura |
| 250 | _a20a. ed. | ||
| 260 |
_aBarcelona, España : _bJuventud, _c2007. |
||
| 300 |
_a160 p. : _bil. _c20 cm. |
||
| 490 | 0 |
_aLos cinco _v12 |
|
| 600 | 0 | 0 |
_a _x |
| 700 | 1 | 2 |
_aQuadras, María de _etrad. |
| 700 | 1 | 2 |
_aVentura, Enrique _eil. |
| 830 | 0 |
_aLos cinco _n12 |
|
| 942 |
_2ddc _cBK |
||
| 945 | _aInventariado, 2018 / YL | ||
| 956 |
_aYLOCKWARD _b10 _cBPMSU |
||
| 999 |
_c11612 _d11612 |
||